000 00745nam a2200229Ia 4500
003 CO-CtgCURN
005 20250410180528.0
008 190723s9999 xx 000 0 und d
020 _a9586532887
040 _aCO-CtgCURN
_bspa
_ccoctgcurn
082 _a346.07
_bM491
100 _aMedina Torres, Carlos Bernardo
245 0 _aPruebas en derecho comercial /
_cCarlos Bernardo Medina Torres
250 _a2 edición
260 _aBogotá, Colombia :
_bLegis,
_c2001
300 _a396 páginas ;
_c22 centímetros
521 _aAREA PROFESIONAL
590 _aPrograma de Derecho_18
650 _aDerecho comercial
942 _cBK
_h346.07
_iM491
_2ddc
_n0
999 _c29351
_d29351